000 00625nam a2200241Ia 4500
003 OSt
005 20221007101109.0
006 a|||||r|||| 00| 0
007 ta
008 221006b |||||||| |||| 00| 0 eng d
024 _a5,827
037 _cTextual
040 _aLCO
_cLCO
_beng
041 _2eng
_aeng
082 _aV1:2, K6
100 _aMcWHINNEY E
_9688198
245 0 _aFederal Constitution making for a multinational world.
260 _aLeydon
_bA. W. Sifthoff
_c1966
300 _a150
650 _aCONSTITUTION
942 _hV1:2, K6
_cTEXL
999 _c1175390
_d1175390